000 00451nam a22001697a 4500
003 OSt
008 241227b |||||||| |||| 00| 0 eng d
020 _a9781556153945
041 _aeng
082 _a005.262
_bCHR/MI
100 _aChristian, Kaare
_96645
245 _aThe Microsoft guide to C++ programming /
260 _aWashington :
_bMicrosoft Press,
_c1992.
300 _a470p.
650 _aC++ (Computer Program Language)
_97167
942 _cBK
999 _c18779
_d18779